| 000 | 00778nam a2200229 i 4500 | ||
|---|---|---|---|
| 001 | bg | ||
| 245 | 0 | 0 |
_aSystemy pozyskiwania i wykorzystania energii geotermicznej / _cWładysław Nowak [et al.] ; Politechnika Szczecińska. Katedra Techniki Cieplnej. |
| 260 |
_aSzczecin : _bWydaw. Uczelniane PS, _c2000. |
||
| 300 |
_a283, [4] s. : _bil. (w tym kolor.), mapy, err. ; _c24 cm. |
||
| 500 | _aStreszcz. ang., niem. | ||
| 504 | _aBibliogr. przy rozdz. | ||
| 650 | 9 | _aGeoenergetyka | |
| 700 | 1 | _aNOWAK, Władysław | |
| 710 | 0 |
_aPolitechnika Szczecińska _bKatedra Techniki Cieplnej |
|
| 020 | _a838742384X | ||
| 040 | _cBPK | ||
| 041 | 0 |
_apl _bende |
|
| 080 | _a620.9:550.3:556.3 | ||
| 920 | _a83-87423-84-X | ||
| 942 | _cKS | ||
| 008 | s pl f |000 0 pol | ||
| 999 |
_c40902 _d40902 |
||
| 856 |
_uhttp://koha.tu.koszalin.pl/cgi-bin/koha/opac-detail.pl?biblionumber=40902 _yKatalog online BPK |
||